=LDR 00000nam 2200000 4500 =001 INLIS000000000025991 =005 20200806070459 =035 ##$$a 0010-061300000025991 =008 200806################g##########0#ind## =041 ##$$a Ind =082 ##$$a 2X9.85 =090 ##$$a 2x9, Sul k =100 ##$$a Sulami, Ibn Al Husain =245 1#$$a Keteladanan kaum sufi /$c Ibn Al Husain Al sulami; Penerjemah, Fathiyah Basri =260 ##$$a Jakarta :$b Hikmah,$c 2000 =300 ##$$a xlvi, 133 hlm ; $c 17 x 11 cm =650 #4$$a Sejarah islam =850 ##$$a NBPNMAT =084 ##$$a 2X9.85 SUL k =990 ##$$a 00052569 =990 ##$$a 160.723/pb.2001 =990 ##$$a 06500650 =990 ##$$a DW00013964 =990 ##$$a 160.723/pb.2001